Paul Klee

Saved in:
Bibliografiske detaljer
Hovedforfatter: Brion, Marcel (Author)
Format: Bog
Sprog:spansk
Udgivet: Buenos Aires Victor Leru 1956
Serier:Ars Mvndi
Fag:
Tags: Tilføj Tag
Ingen Tags, Vær først til at tagge denne postø!

MARC

LEADER 00000nam a2200000 a 4500
001 UCG6596
003 CL-VaPUC
008 110509e19560000AG |||||||||||||||||spa|d
082 0 4 |a 795.05  |b BRI  |2 21 
100 0 |a Brion, Marcel  |e author  |9 556911 
245 1 0 |a Paul Klee 
300 |a 63 p 
942 |c BK 
945 |d 20110509 00:00:00  |a jcampos 
260 |a Buenos Aires  |b Victor Leru  |c 1956 
500 |a Contiene diversas láminas de obras de Paul Klee 
600 0 |a Klee, Paul  |d 1879-1940  |9 368291 
650 7 |a PINTORES SUIZOS  |2 CL-VaPUC  |9 455022 
650 7 |a PINTURA SUIZA  |2 CL-VaPUC  |9 345037 
650 0 |a Pintura moderna  |9 265600 
583 |a last modification  |c 20110509 00:00:00  |k Rodrigo Vera 
490 0 |a Ars Mvndi 
999 |c 344774  |d 344772 
952 |0 0  |1 0  |4 0  |6 795_050000000000000_BRI_1956  |7 0  |8 A  |9 442965  |a BIBART  |b BIBART  |d 2019-11-22  |i 4773497  |l 1  |o 795.05 BRI 1956  |p 4773497  |r 2025-03-13  |s 2022-05-05  |w 2019-11-22  |y BK  |k ART